Costa Rica en seis espejos /
Gespeichert in:
| 1. Verfasser: | |
|---|---|
| Format: | Unbekannt |
| Sprache: | Spanish |
| Veröffentlicht: |
San José, Costa Rica :
Ministerio de Cultura, Juventud y Deportes. Departamento de Publicaciones,
1976.
|
| Schlagworte: | |
| Tags: |
Tag hinzufügen
Keine Tags, Fügen Sie den ersten Tag hinzu!
|
MARC
| LEADER | 000000000a22000000004500 | ||
|---|---|---|---|
| 001 | 002006 | ||
| 008 | 200206b xxu||||| |||| 00| 0 spa d | ||
| 041 | 0 | |a español | |
| 082 | |a CR860.9 |b B118c | ||
| 100 | 1 | |a Baciu, Stefan | |
| 245 | 1 | 0 | |a Costa Rica en seis espejos / |
| 260 | 1 | |a San José, Costa Rica : |b Ministerio de Cultura, Juventud y Deportes. Departamento de Publicaciones, |c 1976. | |
| 300 | |a 139 páginas, manuscritos | ||
| 650 | 4 | |a LITERATURA COSTARRICENSE |9 76 | |
| 650 | 4 | |a HISTORIA Y CRITICA | |
| 942 | |2 ddc |c BK | ||
| 999 | |c 2887 |d 2887 | ||
